|
|
|
|
| LEADER |
01015pam a22003498a 4500 |
| 001 |
00035123 |
| 005 |
20171026081023.0 |
| 008 |
161121s2014 ||||||viesd |
| 020 |
# |
# |
|a 9786046921202
|c 80000
|
| 041 |
0 |
# |
|a vie
|
| 082 |
1 |
4 |
|a 895.922 3
|b NG558Y
|
| 100 |
1 |
# |
|a Iris, Cao
|
| 245 |
1 |
0 |
|b Phiên bản đặc biệt
|a Người yêu cũ có người yêu mới
|c Iris Cao
|
| 250 |
# |
# |
|a Tái bản lần thứ 5
|
| 260 |
# |
# |
|a Hà Nội
|b Văn học; Minh Châu Books
|c 2014
|
| 300 |
# |
# |
|a 155 tr.
|c 21 cm.
|e 1 CD
|
| 653 |
# |
# |
|a Truyện ngắn
|
| 653 |
# |
# |
|a Việt Nam
|
| 653 |
# |
# |
|a Văn học hiện đại
|
| 852 |
# |
# |
|b Kho mượn
|j KM.0019974
|
| 852 |
# |
# |
|b Kho đọc
|j KD.0019226
|
| 852 |
# |
# |
|j KM.0019974
|j KD.0019226
|j KM.0023942
|j KM.0023949
|
| 910 |
0 |
# |
|d 21/11/2016
|
| 980 |
# |
# |
|a Trung tâm Học liệu Lê Vũ Hùng, Trường Đại học Đồng Tháp
|